000 00589nam a2200217Ia 4500
003 OSt
005 20220928134805.0
006 a|||||r|||| 00| 0
007 ta
008 220927b |||||||| |||| 00| 0 eng d
024 _a39037
037 _cReference Collections
040 _aSDCL
_cSDCL
_beng
041 _2eng
_aeng
082 _aX9.1sN67, L3.1 RR
245 0 _aGROWTH OF World industry 1973.
250 _a1973/ ed
260 _aNew York
_b United Nations
_c1973
942 _hX9.1sN67, L3.1 RR
_cREF
_2CC
999 _c803293
_d803293